| 000 | 01183nac a22003017a 4500 | ||
|---|---|---|---|
| 001 | BR7801812 | ||
| 003 | BR-BrBNA | ||
| 005 | 20240105114220.0 | ||
| 008 | 230509b bl.|||m| |||| 00| 0 por d | ||
| 040 |
_aBR-BrBNA _bpor _cBiblioteca Nacional de Agricultura |
||
| 072 | _aE30; E15; E70 | ||
| 090 | _aE30 BR7801812 | ||
| 110 | 1 |
_aPrograma de Investimentos Integrados para o Setor Agropecuario do Rio Grande do Sul, Porto Alegre (Brasil) _97968 |
|
| 245 | 1 | _aA economia estadual e a evolucao do setor agropecuario [Desenvolvimento economico; Exportacao; Mao-de-obra; Produtividade; Rio Grande do Sul; Brasil] | |
| 260 | 3 |
_aPorto Alegre, RS (Brasil): _c1978. |
|
| 300 | _a262 p. | ||
| 490 |
_aProblematica do Setor Agropecuario - Programa de Investimentos Integrados para o Setor Agropecuario do Rio Grande do Sul (Brazil) _vv. 1 _x |
||
| 500 | _aNumerical data | ||
| 650 | _aDesenvolvimento agricola | ||
| 650 | _aMicroeconomia | ||
| 650 | _aComercializacao | ||
| 650 | _aMao-de-obra | ||
| 650 | _aDesenvolvimento economico | ||
| 650 | _aEstrutura agraria | ||
| 650 | _aRio Grande do Sul | ||
| 909 |
_a202312 _bLúcia Elande _c55 _dLúcia Elande |
||
| 942 |
_2AGRIS _n0 _cMS |
||
| 999 |
_c268056 _d268056 |
||